000 01067nam a2200277 i 4500
001 bg
100 1 _aBŁAŻEJOWSKI, Krzysztof
245 1 0 _aTechnologia warstw asfaltowych /
_cKrzysztof Błażejowski, Stanisław Styk.
260 _aWarszawa :
_bWydawnictwa Komunikacji i Łączności,
_c2004.
300 _a406 s. :
_bil. (w tym kolor.) ;
_c25 cm.
490 1 _aNawierzchnie Drogowe : poradnik
504 _aBibliogr. przy rozdz. - Wykaz norm. - Indeks.
521 _aDla inżynierów, techników oraz studentów wyższych uczelni technicznych o kierunku inżynierii ladowej.
650 9 _aDrogi asfaltowe
_xtechnologia
655 _aPoradniki
700 1 _aSTYK, Stanisław
830 0 _aNawierzchnie Drogowe
020 _a8320615402
040 _cBPK
041 0 _apol
080 _a625.85:691](083.1)
920 _a83-206-1540-2
942 _cKS
008 s pl f |000 0 pol
999 _c51488
_d51488
856 _uhttp://koha.tu.koszalin.pl/cgi-bin/koha/opac-detail.pl?biblionumber=51488
_yKatalog online BPK